| 000 | 00584 a2200193 4500 | ||
|---|---|---|---|
| 001 | 61917 | ||
| 005 | 20260407155911.0 | ||
| 008 | 260407a1974 arg spa d | ||
| 003 | AR-UNSa-BCEJYS | ||
| 040 |
_aAR-UNSa-BCEJYS _bspa _cAR-UNSa-BCEJYS |
||
| 080 |
_a343.53 _xFraudes en el comercio y en la industria (Derecho Penal Económico) |
||
| 245 | 1 | 0 | _aLos fraudes al comercio y a la industria |
| 264 | 1 |
_aBuenos Aires : _bAbeledo Perrot _c1974 |
|
| 300 |
_a243 p. _c23 cm. |
||
| 041 | _aspa | ||
| 942 | _cBK | ||
| 590 | _aniveau_biblio:m niveau_hierar:0 | ||
| 100 | 1 | _aRotman, Edgardo | |
| 999 |
_c7486 _d7486 |
||